=LDR 00000nam 2200000 4500 =001 NUTBA000000000003451 =005 20140819145727.0 =006 =007 =008 =020 ##$$a 978-979-24-1635-0 =035 ##$$0010-081400000000296 =040 ##$$a NBPDMAT =082 ##$$a R.510.3 =090 ##$$a R.510.3 $b Yan e =100 ##$$a Yani Puji Lestari =245 ##$$a Ensiklopedia matematika ( A - j ) / $c penyusun Yani Puji Lestari =250 ##$$a Cet.1 =260 ##$$a Bandung : $b Indah Jaya Adi Pratama, $c 2011 =300 ##$$a 64 hlm. : $b ilus. ; $c 24 cm. =500 ##$$a Bibliografi : hlm. 64 =650 ##$$a Matematika - Ensuklopedia =850 ##$$a NBPDMAT =990 ##$$a 21406727 =990 ##$$a 0001/BPAP-NTB/2016